[Event "2. BUNDESLIGA MITTE"]
[Site "Steyregg, Fuerstenfeld/Sauwald/Villach, St. Veit/Glan, Graz"]
[Date "2016.02.26"]
[Round "6"]
[Board "2"]
[White "Genser, Harald"]
[Black "Jovanovic, Zoran"]
[Result "1/2-1/2"]
[WhiteElo "2318"]
[BlackElo "2528"]
[PlyCount "50"]
[EventDate "2015.10.02"]
[EventType "team"]
[EventRounds "11"]
[EventCountry "AUT"]
[WhiteTeam "ESV Admira Villach"]
[BlackTeam "SV Wolfsberg"]

1. d4 Nf6 2. c4 g6 3. Nc3 Bg7 4. e4 d6 5. Nf3 O-O 6. Be2 e5 7. O-O Na6 8. Re1
Qe8 9. d5 Nc5 10. Nd2 a5 11. Rb1 Bh6 12. Qc2 Bd7 13. Nb3 Bxc1 14. Rbxc1 b6 15.
Nxc5 bxc5 16. Nb5 Qd8 17. a4 Kg7 18. Rf1 Re8 19. Rce1 Bxb5 20. cxb5 Qe7 21. Bd1
Nd7 22. Bg4 Nf6 23. Bd1 Nd7 24. Bg4 Nf6 25. Bd1 Nd7 1/2-1/2

[Event "2. BUNDESLIGA MITTE"]
[Site "Steyregg, Fuerstenfeld/Sauwald/Villach, St. Veit/Glan, Graz"]
[Date "2016.02.26"]
[Round "6"]
[Board "3"]
[White "Reichmann, Egon"]
[Black "Perhinig, Robert"]
[Result "1/2-1/2"]
[WhiteElo "2267"]
[BlackElo "2262"]
[PlyCount "56"]
[EventDate "2015.10.02"]
[EventType "team"]
[EventRounds "11"]
[EventCountry "AUT"]
[WhiteTeam "SV Wolfsberg"]
[BlackTeam "ESV Admira Villach"]

1. e4 e6 2. d4 d5 3. e5 c5 4. c3 Nc6 5. Nf3 Qb6 6. a3 c4 7. Nbd2 Na5 8. g3 Bd7
9. h4 h6 10. h5 O-O-O 11. Bh3 Ne7 12. Nh4 g5 13. Ng2 Bg7 14. O-O Nf5 15. Kh2
Rhf8 16. g4 Ne7 17. f4 f6 18. Nf3 Nb3 19. exf6 Bxf6 20. fxg5 hxg5 21. Rb1 Nxc1
22. Qxc1 Qd6+ 23. Kh1 Qg3 24. Ng1 Nc6 25. Qe3 Qd6 26. Nf3 Qg3 27. Ng1 Qd6 28.
Nf3 Qg3 1/2-1/2

[Event "2. BUNDESLIGA MITTE"]
[Site "Steyregg, Fuerstenfeld/Sauwald/Villach, St. Veit/Glan, Graz"]
[Date "2016.02.26"]
[Round "6"]
[Board "4"]
[White "Riemelmoser, Franz"]
[Black "Hresc, Vladimir"]
[Result "1-0"]
[WhiteElo "2331"]
[BlackElo "2354"]
[PlyCount "125"]
[EventDate "2015.10.02"]
[EventType "team"]
[EventRounds "11"]
[EventCountry "AUT"]
[WhiteTeam "ESV Admira Villach"]
[BlackTeam "SV Wolfsberg"]

1. c4 e5 2. g3 Nf6 3. Bg2 Nc6 4. Nc3 Bb4 5. Nd5 O-O 6. Nf3 Re8 7. O-O Bf8 8. d3
h6 9. h3 d6 10. e4 g6 11. Be3 Bg7 12. Qd2 Kh7 13. Rac1 Be6 14. Kh2 Nd7 15. d4
exd4 16. Nxd4 Nxd4 17. Bxd4 f6 18. Rfd1 Bf7 19. b3 Nc5 20. Qc2 Ne6 21. Bc3 c6
22. Ne3 Qe7 23. Re1 Nc7 24. Rcd1 Red8 25. Qb2 Ne8 26. Re2 Rd7 27. Red2 Rad8 28.
Qa3 a6 29. Ba5 Rc8 30. c5 Bf8 31. Nc4 Bxc4 32. bxc4 Qe6 33. h4 f5 34. h5 g5 35.
exf5 Qxc4 36. cxd6 Qg4 37. Bf3 Qxf5 38. Be2 Kh8 39. Bd3 Qf3 40. Bc3+ Bg7 41.
Kg1 Rcd8 42. Qb4 Rxd6 43. Bxg7+ Kxg7 44. Be2 c5 45. Rxd6 Nxd6 46. Qxc5 Qf6 47.
Qc7+ Kf8 48. Rd3 Qe7 49. Rf3+ Nf7 50. Qc2 Rd6 51. Qb2 Ke8 52. Bd3 Kd8 53. Re3
Qd7 54. Bg6 Rd1+ 55. Kg2 Nd6 56. Qh8+ Kc7 57. Rc3+ Kb6 58. Qxh6 Qg4 59. Rd3
Rxd3 60. Bxd3 Qd4 61. Qg6 g4 62. h6 Ka7 63. h7 1-0

[Event "2. BUNDESLIGA MITTE"]
[Site "Steyregg, Fuerstenfeld/Sauwald/Villach, St. Veit/Glan, Graz"]
[Date "2016.02.26"]
[Round "6"]
[Board "5"]
[White "Waldmann, Gerald"]
[Black "Frank, Dieter"]
[Result "1/2-1/2"]
[WhiteElo "2123"]
[BlackElo "2170"]
[PlyCount "39"]
[EventDate "2015.10.02"]
[EventType "team"]
[EventRounds "11"]
[EventCountry "AUT"]
[WhiteTeam "SV Wolfsberg"]
[BlackTeam "ESV Admira Villach"]

1. e4 e5 2. Nf3 Nc6 3. d4 exd4 4. Nxd4 Bc5 5. Nb3 Bb4+ 6. Nc3 Nf6 7. Bd3 d5 8.
Bd2 Bxc3 9. Bxc3 dxe4 10. Bxf6 Qxf6 11. Bxe4 O-O 12. O-O Bf5 13. Bxf5 Qxf5 14.
Nd4 Nxd4 15. Qxd4 Rfd8 16. Qc4 Qe6 17. Qc3 Qf5 18. Qc4 Qe6 19. Qc3 Qf5 20. Qc4
 1/2-1/2

[Event "2. BUNDESLIGA MITTE"]
[Site "Steyregg, Fuerstenfeld/Sauwald/Villach, St. Veit/Glan, Graz"]
[Date "2016.02.26"]
[Round "6"]
[Board "6"]
[White "Hafner, Robert"]
[Black "Stagl, Marco"]
[Result "0-1"]
[WhiteElo "2004"]
[BlackElo "2057"]
[PlyCount "60"]
[EventDate "2015.10.02"]
[EventType "team"]
[EventRounds "11"]
[EventCountry "AUT"]
[WhiteTeam "ESV Admira Villach"]
[BlackTeam "SV Wolfsberg"]

1. d4 d5 2. c4 c6 3. e3 e6 4. Nc3 f5 5. Nf3 Nf6 6. Bd3 Bd6 7. O-O O-O 8. b3 Ne4
9. Bb2 Nd7 10. Ne2 Qf6 11. Nf4 g5 12. Nh5 Qh6 13. Ne5 g4 14. Nf4 Ndf6 15. Qe2
Kh8 16. f3 gxf3 17. gxf3 Ng5 18. Kh1 Bd7 19. Rg1 Bxe5 20. dxe5 Nh5 21. Nxh5
Qxh5 22. Rg3 Rg8 23. cxd5 cxd5 24. Bxf5 Ne4 25. Rxg8+ Rxg8 26. Bxe4 dxe4 27.
Rg1 Rxg1+ 28. Kxg1 exf3 29. Qd2 Qg6+ 30. Kh1 f2 0-1

[Event "2. BUNDESLIGA MITTE"]
[Site "Steyregg, Fuerstenfeld/Sauwald/Villach, St. Veit/Glan, Graz"]
[Date "2016.02.26"]
[Round "6"]
[Board "1"]
[White "Kuba, Guenter"]
[Black "Horvath, Adam"]
[Result "0-1"]
[WhiteElo "2361"]
[BlackElo "2515"]
[PlyCount "72"]
[EventDate "2015.10.02"]
[EventType "team"]
[EventRounds "11"]
[EventCountry "AUT"]
[WhiteTeam "SPG. Sparkasse Fuerstenfeld/Hartberg"]
[BlackTeam "RbEJ Gleisdorf"]

1. e4 c5 2. Nf3 Nc6 3. Bb5 g6 4. Bxc6 bxc6 5. O-O Bg7 6. Re1 Nh6 7. c3 O-O 8.
d4 cxd4 9. cxd4 d5 10. e5 f6 11. Nbd2 fxe5 12. Nxe5 Bxe5 13. dxe5 Qb6 14. Nf3
Nf5 15. b3 Nh4 16. Be3 Nxf3+ 17. Qxf3 d4 18. Bf4 Be6 19. Qg3 a5 20. h4 Kh8 21.
Bg5 Rf7 22. h5 gxh5 23. Qh4 Qa7 24. Rac1 c5 25. Qxh5 Rg8 26. Bh6 Qb7 27. Qh2
Rf5 28. g3 Qf3 29. Rxc5 Rh5 30. Qg2 Qxg2+ 31. Kxg2 Rxh6 32. Rxa5 d3 33. Rd1
Bh3+ 34. Kg1 Bf5 35. Kg2 Rc6 36. Ra7 Be4+ 0-1

[Event "2. BUNDESLIGA MITTE"]
[Site "Steyregg, Fuerstenfeld/Sauwald/Villach, St. Veit/Glan, Graz"]
[Date "2016.02.26"]
[Round "6"]
[Board "2"]
[White "Frosch, Erich"]
[Black "Pilaj, Herwig"]
[Result "1/2-1/2"]
[WhiteElo "2251"]
[BlackElo "2381"]
[PlyCount "145"]
[EventDate "2015.10.02"]
[EventType "team"]
[EventRounds "11"]
[EventCountry "AUT"]
[WhiteTeam "RbEJ Gleisdorf"]
[BlackTeam "SPG. Sparkasse Fuerstenfeld/Hartberg"]

1. d4 Nf6 2. c4 g6 3. Nc3 Bg7 4. e4 d6 5. f3 O-O 6. Be3 b6 7. Bd3 a6 8. Nge2 c5
9. d5 e6 10. dxe6 fxe6 11. Qd2 Nc6 12. O-O Kh8 13. Rad1 e5 14. Bg5 Rb8 15. h4
Qe8 16. Nd5 Rb7 17. Ng3 Nd4 18. Rf2 b5 19. b3 Ne6 20. Be3 Nxd5 21. exd5 Nf4 22.
Ne4 Qd8 23. Bf1 Bf5 24. g3 Bxe4 25. fxe4 Nh5 26. Kh2 Nf6 27. Bg5 Ng4+ 28. Kg1
Bf6 29. Bxf6+ Rxf6 30. Rxf6 Qxf6 31. Bh3 Qf3 32. Bxg4 Qxg4 33. Kh2 Rf7 34. cxb5
axb5 35. Re1 Rf3 36. Qg2 Kg7 37. Rf1 Re3 38. Rf2 Qxe4 39. Qh3 Re2 40. Qd7+ Kh6
41. Rxe2 Qxe2+ 42. Kh3 Qf1+ 43. Kh2 Qf2+ 44. Kh1 Qf3+ 45. Kh2 Qxd5 46. Qe7 Qd2+
47. Kh3 Qf2 48. Qg5+ Kg7 49. Qe7+ Qf7 50. Qxd6 Qf1+ 51. Kh2 Qf2+ 52. Kh3 Qf5+
53. Kh2 e4 54. a4 c4 55. bxc4 bxa4 56. Qd4+ Kh6 57. Qe3+ Kg7 58. Qd4+ Qf6 59.
Qa7+ Qf7 60. Qd4+ Qf6 61. Qa7+ Qf7 62. Qd4+ Qf6 63. Qa7+ Kg8 64. Qa8+ Kf7 65.
Qxa4 Qf2+ 66. Kh3 Qf1+ 67. Kh2 Qf2+ 68. Kh3 e3 69. Qd7+ Kg8 70. Qe8+ Kg7 71.
Qe7+ Kg8 72. Qe8+ Kg7 73. Qe7+ 1/2-1/2

[Event "2. BUNDESLIGA MITTE"]
[Site "Steyregg, Fuerstenfeld/Sauwald/Villach, St. Veit/Glan, Graz"]
[Date "2016.02.26"]
[Round "6"]
[Board "3"]
[White "Poetz, Florian"]
[Black "Manhardt, Thomas"]
[Result "1-0"]
[WhiteElo "2385"]
[BlackElo "2237"]
[PlyCount "119"]
[EventDate "2015.10.02"]
[EventType "team"]
[EventRounds "11"]
[EventCountry "AUT"]
[WhiteTeam "SPG. Sparkasse Fuerstenfeld/Hartberg"]
[BlackTeam "RbEJ Gleisdorf"]

1. e4 c5 2. Nf3 Nc6 3. d4 cxd4 4. Nxd4 g6 5. Nc3 Bg7 6. Be3 Nf6 7. Bc4 Qa5 8.
O-O O-O 9. Bb3 d6 10. h3 Bd7 11. Re1 Rac8 12. Nd5 Rfe8 13. Bd2 Qd8 14. Bc3 Nxd5
15. exd5 Nxd4 16. Bxd4 Bxd4 17. Qxd4 Qa5 18. Re3 Qc5 19. Qh4 e5 20. dxe6 fxe6
21. Rae1 d5 22. c3 Rf8 23. Bd1 Qb6 24. Bg4 Rc6 25. R3e2 Kg7 26. Qg3 Rf6 27. h4
Rc4 28. h5 a5 29. hxg6 hxg6 30. Kh1 a4 31. a3 Qc7 32. Bxe6 Qxg3 33. fxg3 Bxe6
34. Rxe6 Rc6 35. Re7+ Rf7 36. Kg1 Rb6 37. Rxf7+ Kxf7 38. Re2 Rf6 39. Re5 Rb6
40. Re2 Rf6 41. g4 Rf4 42. Re5 d4 43. cxd4 Rxg4 44. Rb5 Rxd4 45. Rxb7+ Ke6 46.
Rb5 Rd5 47. Rb4 Rd2 48. Kh2 Ke5 49. Kh3 Rd4 50. Rb6 Kf5 51. Rb5+ Ke6 52. g4 Rd5
53. Rb6+ Kf7 54. Kh4 Rd2 55. Kg5 Rd5+ 56. Kh6 Rd2 57. Rxg6 Rh2+ 58. Kg5 Rxb2
59. Ra6 Rb5+ 60. Kh6 1-0

[Event "2. BUNDESLIGA MITTE"]
[Site "Steyregg, Fuerstenfeld/Sauwald/Villach, St. Veit/Glan, Graz"]
[Date "2016.02.26"]
[Round "6"]
[Board "4"]
[White "Watzka, Horst"]
[Black "Radnetter, Georg"]
[Result "1/2-1/2"]
[WhiteElo "2236"]
[BlackElo "2323"]
[PlyCount "53"]
[EventDate "2015.10.02"]
[EventType "team"]
[EventRounds "11"]
[EventCountry "AUT"]
[WhiteTeam "RbEJ Gleisdorf"]
[BlackTeam "SPG. Sparkasse Fuerstenfeld/Hartberg"]

1. e4 e6 2. d4 d5 3. Nd2 c5 4. Ngf3 cxd4 5. exd5 Qxd5 6. Bc4 Qd6 7. O-O Nf6 8.
Nb3 Nc6 9. Nbxd4 Nxd4 10. Qxd4 Qxd4 11. Nxd4 Bd7 12. Bf4 Rc8 13. Be2 Bc5 14.
Nb3 Bb6 15. c4 Ne4 16. Nd2 Nxd2 17. Bxd2 Bd4 18. Be3 Bxe3 19. fxe3 a5 20. b3
Ke7 21. Rad1 Rc5 22. a3 Re5 23. Kf2 Rf5+ 24. Kg1 Re5 25. Kf2 Rf5+ 26. Kg1 Re5
27. Kf2 1/2-1/2

[Event "2. BUNDESLIGA MITTE"]
[Site "Steyregg, Fuerstenfeld/Sauwald/Villach, St. Veit/Glan, Graz"]
[Date "2016.02.26"]
[Round "6"]
[Board "5"]
[White "Stradner, Stefan"]
[Black "Sandner, Wolfgang"]
[Result "1/2-1/2"]
[WhiteElo "2187"]
[BlackElo "2252"]
[PlyCount "122"]
[EventDate "2015.10.02"]
[EventType "team"]
[EventRounds "11"]
[EventCountry "AUT"]
[WhiteTeam "SPG. Sparkasse Fuerstenfeld/Hartberg"]
[BlackTeam "RbEJ Gleisdorf"]

1. c4 Nf6 2. Nc3 g6 3. g3 Bg7 4. Bg2 O-O 5. a3 a5 6. e4 e5 7. Nge2 Nc6 8. O-O
d6 9. h3 Nd7 10. d3 Nc5 11. Be3 Nd4 12. f4 c6 13. Bf2 Ncb3 14. Rb1 Bh6 15. Nxd4
Nxd4 16. Be3 Bd7 17. Qd2 Bg7 18. b4 axb4 19. axb4 Ra3 20. Bxd4 exd4 21. Ne2 Qa8
22. f5 Bf6 23. Rb2 Ra1 24. g4 Rxf1+ 25. Bxf1 Qd8 26. Qf4 Qe7 27. Ra2 d5 28.
cxd5 cxd5 29. exd5 Bg5 30. d6 Qf6 31. Qg3 Re8 32. Bg2 Re3 33. Qf2 Rxd3 34. Qf1
Qxd6 35. fxg6 hxg6 36. Bxb7 Be3+ 37. Kh1 Bc6+ 38. Bxc6 Qxc6+ 39. Qg2 Rd1+ 40.
Kh2 Qd6+ 41. Qg3 Qd5 42. Qb8+ Kg7 43. Ra8 Qh1+ 44. Kg3 Qe1+ 45. Kf3 Qh1+ 46.
Kg3 Qe1+ 47. Kf3 Qf2+ 48. Ke4 Qg2+ 49. Ke5 Qh2+ 50. Ke4 Qg2+ 51. Ke5 f6+ 52.
Kd6 Qh2+ 53. Ke6 Qxb8 54. Rxb8 d3 55. Nc3 Re1 56. Rb7+ Kh6 57. Kf7 Bd4 58. Rd7
Bxc3 59. Rxd3 Be5 60. Rd8 Kg5 61. Rg8 Kf4 1/2-1/2

[Event "2. BUNDESLIGA MITTE"]
[Site "Steyregg, Fuerstenfeld/Sauwald/Villach, St. Veit/Glan, Graz"]
[Date "2016.02.26"]
[Round "6"]
[Board "6"]
[White "Ofner, Maximilian"]
[Black "Hatzl, Johannes"]
[Result "1-0"]
[WhiteElo "2189"]
[BlackElo "2081"]
[PlyCount "51"]
[EventDate "2015.10.02"]
[EventType "team"]
[EventRounds "11"]
[EventCountry "AUT"]
[WhiteTeam "RbEJ Gleisdorf"]
[BlackTeam "SPG. Sparkasse Fuerstenfeld/Hartberg"]

1. e4 c5 2. Nf3 Nc6 3. Bb5 e6 4. Bxc6 bxc6 5. b3 Ne7 6. Bb2 Ng6 7. h4 h5 8. e5
Be7 9. Nc3 f6 10. Ne4 Rb8 11. d3 Ba6 12. c4 d5 13. exd6 Bxd6 14. O-O e5 15. Ba3
Bc8 16. d4 exd4 17. Nxd4 Ne5 18. Nxc6 Nxc6 19. Nxd6+ Kf8 20. Bxc5 Ne7 21. Nxc8
Qxc8 22. Qd6 Rb7 23. Rfe1 Rd7 24. Qe6 Qd8 25. Rad1 Rxd1 26. Bxe7+ 1-0

[Event "2. BUNDESLIGA MITTE"]
[Site "Steyregg, Fuerstenfeld/Sauwald/Villach, St. Veit/Glan, Graz"]
[Date "2016.02.26"]
[Round "6"]
[Board "1"]
[White "Freitag, Manfred"]
[Black "Huber, Martin Christian"]
[Result "1/2-1/2"]
[WhiteElo "2378"]
[BlackElo "2390"]
[PlyCount "71"]
[EventDate "2015.10.02"]
[EventType "team"]
[EventRounds "11"]
[EventCountry "AUT"]
[WhiteTeam "ESV Austria Graz"]
[BlackTeam "Schachfreunde Graz"]

1. e4 e5 2. Nf3 Nc6 3. Bb5 Nf6 4. O-O Nxe4 5. d4 Nd6 6. Bxc6 dxc6 7. dxe5 Nf5
8. Qxd8+ Kxd8 9. Nc3 Ke8 10. h3 b6 11. Re1 Bb4 12. Bd2 Bxc3 13. Bxc3 Be6 14.
Rad1 h6 15. Nd4 Nxd4 16. Bxd4 Rd8 17. Be3 Rd5 18. f4 h5 19. b3 Ke7 20. c4 Rxd1
21. Rxd1 Rd8 22. Rxd8 Kxd8 23. Kf2 Bf5 24. Ke2 c5 25. Kd2 Kd7 26. Bf2 Be4 27.
g4 hxg4 28. hxg4 Bf3 29. Bh4 Bxg4 30. Ke3 Bf5 31. Kd2 a5 32. Bg5 Bg4 33. Bh4
Ke6 34. Bd8 Kd7 35. Bh4 Ke6 36. Bd8 1/2-1/2

[Event "2. BUNDESLIGA MITTE"]
[Site "Steyregg, Fuerstenfeld/Sauwald/Villach, St. Veit/Glan, Graz"]
[Date "2016.02.26"]
[Round "6"]
[Board "2"]
[White "Schnider, Gert"]
[Black "Kotz, Heinz Peter"]
[Result "1/2-1/2"]
[WhiteElo "2333"]
[BlackElo "2291"]
[PlyCount "82"]
[EventDate "2015.10.02"]
[EventType "team"]
[EventRounds "11"]
[EventCountry "AUT"]
[WhiteTeam "Schachfreunde Graz"]
[BlackTeam "ESV Austria Graz"]

1. d4 Nf6 2. c4 g6 3. Nc3 Bg7 4. e4 d6 5. Nf3 O-O 6. Be2 Na6 7. O-O e5 8. Re1
c6 9. Bf1 Bg4 10. d5 Nb4 11. Be2 a5 12. Bg5 h6 13. Be3 Nh5 14. Qd2 Nf4 15. a3
Nxe2+ 16. Nxe2 Na6 17. Bxh6 Nc5 18. Qe3 Bxh6 19. Qxh6 Nxe4 20. Ng3 Bxf3 21.
Rxe4 Bxe4 22. Nxe4 f6 23. Qxg6+ Kh8 24. Rd1 Qe7 25. Rd3 Qh7 26. Qxh7+ Kxh7 27.
Nxd6 cxd5 28. cxd5 Ra6 29. Nxb7 Rb8 30. d6 Rxb7 31. d7 Ra8 32. d8=Q Rxd8 33.
Rxd8 Rxb2 34. f4 exf4 35. Rd5 Rb1+ 36. Kf2 Rb2+ 37. Kf1 Rb1+ 38. Ke2 Rb2+ 39.
Rd2 Rb1 40. Kf3 Rb3+ 41. Kxf4 Kg6 1/2-1/2

[Event "2. BUNDESLIGA MITTE"]
[Site "Steyregg, Fuerstenfeld/Sauwald/Villach, St. Veit/Glan, Graz"]
[Date "2016.02.26"]
[Round "6"]
[Board "3"]
[White "Fahrner, Kurt"]
[Black "Jusic, Zdenko"]
[Result "1-0"]
[WhiteElo "2294"]
[BlackElo "2258"]
[PlyCount "163"]
[EventDate "2015.10.02"]
[EventType "team"]
[EventRounds "11"]
[EventCountry "AUT"]
[WhiteTeam "ESV Austria Graz"]
[BlackTeam "Schachfreunde Graz"]

1. g3 Nf6 2. Bg2 d5 3. d3 c6 4. Nd2 e5 5. e4 Bd6 6. Ngf3 Bg4 7. h3 Bh5 8. O-O
O-O 9. Qe1 Nbd7 10. Nh4 Re8 11. Nf5 Bc5 12. Nb3 Bg6 13. Nxc5 Nxc5 14. Nh4 a5
15. Nxg6 hxg6 16. a4 Ne6 17. Be3 d4 18. Bd2 g5 19. Qc1 Nh7 20. Bf3 b5 21. Kg2
Nc5 22. axb5 cxb5 23. b4 axb4 24. Bxb4 Na4 25. Qa3 Qc8 26. Qb3 Qe6 27. Qd5 Qxd5
28. exd5 Rac8 29. d6 Nf6 30. Ra2 g6 31. Re1 Nd7 32. Bb7 Rcd8 33. Bc6 Re6 34.
Bxb5 Nc3 35. Bxc3 dxc3 36. Ra3 Nb6 37. Rxc3 Rdxd6 38. Rc7 Rd5 39. Rb1 Rd4 40.
Bc6 Nd5 41. Bxd5 Rxd5 42. Rb4 Kg7 43. Rbb7 Rf6 44. Rc4 Rd4 45. Rbc7 Rfd6 46.
Kf3 Rxc4 47. Rxc4 f5 48. Ke3 Kf6 49. Rc8 Ra6 50. c4 Ra3 51. Rc6+ Kf7 52. Rd6 e4
53. c5 Rc3 54. c6 Ke7 55. Rxg6 Rxd3+ 56. Ke2 Rc3 57. Kd2 Rf3 58. Ke2 Rc3 59.
Kd2 Rf3 60. Rxg5 Rxf2+ 61. Ke3 Rf3+ 62. Kd4 Rd3+ 63. Kc4 Kd6 64. Rg6+ Kc7 65.
h4 Rf3 66. h5 Rf1 67. h6 Rh1 68. Kd4 Kb6 69. Ke3 Rf1 70. Ke2 Rh1 71. Kf2 Rh2+
72. Kg1 Rh5 73. Kg2 Kc7 74. Kf2 Rh1 75. Rf6 Rh5 76. Ke3 Rh1 77. Re6 Re1+ 78.
Kf2 Rh1 79. Rf6 Rh2+ 80. Ke3 Rg2 81. Rxf5 Kxc6 82. Rh5 1-0

[Event "2. BUNDESLIGA MITTE"]
[Site "Steyregg, Fuerstenfeld/Sauwald/Villach, St. Veit/Glan, Graz"]
[Date "2016.02.26"]
[Round "6"]
[Board "4"]
[White "Domarkaite, Laima"]
[Black "Spindelboeck, Gernot"]
[Result "1/2-1/2"]
[WhiteElo "2142"]
[BlackElo "2262"]
[PlyCount "87"]
[EventDate "2015.10.02"]
[EventType "team"]
[EventRounds "11"]
[EventCountry "AUT"]
[WhiteTeam "Schachfreunde Graz"]
[BlackTeam "ESV Austria Graz"]

1. e4 c5 2. Nf3 Nc6 3. c3 e6 4. d4 d5 5. exd5 exd5 6. Bb5 Bd6 7. dxc5 Bxc5 8.
O-O Nge7 9. Nbd2 O-O 10. Nb3 Bb6 11. Re1 Bg4 12. Bf1 Qd6 13. Be3 Bxe3 14. Rxe3
Rad8 15. h3 Bh5 16. Qc2 Bxf3 17. Rxf3 Ne5 18. Re3 N7c6 19. Rd1 Qf6 20. Bd3 h6
21. Qe2 Kh8 22. Bb1 g6 23. Nd4 Nxd4 24. Rxd4 Nc6 25. Rd1 d4 26. Rf3 Qg7 27.
Rfd3 Rfe8 28. Qf1 dxc3 29. Rxc3 Rxd1 30. Qxd1 Qd4 31. Qf1 Qd2 32. Rc2 Qe1 33.
Rc1 Qe5 34. b3 Nd4 35. Bd3 Kg7 36. Bc4 Re7 37. Rd1 Ne2+ 38. Bxe2 Qxe2 39. Qxe2
Rxe2 40. Rd7 Rxa2 41. Rxb7 a5 42. h4 h5 43. g3 Rb2 44. Ra7 1/2-1/2

[Event "2. BUNDESLIGA MITTE"]
[Site "Steyregg, Fuerstenfeld/Sauwald/Villach, St. Veit/Glan, Graz"]
[Date "2016.02.26"]
[Round "6"]
[Board "5"]
[White "Aschenbrenner, Robert"]
[Black "Teuschler, Barbara"]
[Result "1/2-1/2"]
[WhiteElo "2212"]
[BlackElo "2174"]
[PlyCount "87"]
[EventDate "2015.10.02"]
[EventType "team"]
[EventRounds "11"]
[EventCountry "AUT"]
[WhiteTeam "ESV Austria Graz"]
[BlackTeam "Schachfreunde Graz"]

1. c4 e5 2. Nc3 Bb4 3. g3 Bxc3 4. dxc3 d6 5. Bg2 f5 6. Nf3 Nf6 7. Qa4+ Nc6 8.
c5 O-O 9. cxd6 cxd6 10. O-O Qe7 11. Rd1 Be6 12. Ng5 e4 13. Qa3 Bc4 14. Bf4 Nh5
15. Qxd6 Nxf4 16. Qxf4 h6 17. Nh3 Bxe2 18. Rd2 Bd3 19. Qe3 Ne5 20. b3 Ng4 21.
Qe1 Qc5 22. Nf4 Rae8 23. Nxd3 exd3 24. Qf1 Ne5 25. c4 f4 26. Bd5+ Kh8 27. g4 f3
28. Qh3 Rf4 29. Re1 Qd4 30. Qh5 Re7 31. h3 Qc3 32. Rdd1 d2 33. Rf1 Nd3 34. Qh4
Re8 35. Kh2 Nb2 36. Rb1 d1=Q 37. Rbxd1 Nxd1 38. Rxd1 Qc2 39. Rf1 Qe2 40. Kg1
Rd4 41. Rc1 Kh7 42. Qg3 Rf8 43. Qd6 Rdf4 44. Bxb7 1/2-1/2

[Event "2. BUNDESLIGA MITTE"]
[Site "Steyregg, Fuerstenfeld/Sauwald/Villach, St. Veit/Glan, Graz"]
[Date "2016.02.26"]
[Round "6"]
[Board "6"]
[White "Krockenberger, Martin"]
[Black "Schrittwieser, Herbert"]
[Result "1-0"]
[WhiteElo "2228"]
[BlackElo "2171"]
[PlyCount "57"]
[EventDate "2015.10.02"]
[EventType "team"]
[EventRounds "11"]
[EventCountry "AUT"]
[WhiteTeam "Schachfreunde Graz"]
[BlackTeam "ESV Austria Graz"]

1. d4 Nf6 2. c4 e6 3. Nc3 Bb4 4. e3 O-O 5. Nge2 d5 6. a3 Be7 7. Nf4 a5 8. cxd5
exd5 9. Bd3 c6 10. O-O Bd6 11. Qc2 Nbd7 12. f3 Bxf4 13. exf4 Re8 14. Qf2 Nb6
15. g4 a4 16. Bc2 g6 17. Kh1 Kg7 18. f5 Ng8 19. Bf4 Nc4 20. Nxa4 b6 21. b3 Na5
22. Rfe1 Rxe1+ 23. Rxe1 Be6 24. g5 Bc8 25. Be5+ Kf8 26. f6 h5 27. Qg3 Nb7 28.
Bc7 Rxa4 29. Bxd8 1-0

[Event "2. BUNDESLIGA MITTE"]
[Site "Steyregg, Fuerstenfeld/Sauwald/Villach, St. Veit/Glan, Graz"]
[Date "2016.02.27"]
[Round "7"]
[Board "1"]
[White "Freitag, Manfred"]
[Black "Wisnet, Dominic"]
[Result "1/2-1/2"]
[WhiteElo "2378"]
[BlackElo "2302"]
[PlyCount "128"]
[EventDate "2015.10.02"]
[EventType "team"]
[EventRounds "11"]
[EventCountry "AUT"]
[WhiteTeam "ESV Austria Graz"]
[BlackTeam "SPG Sauwald 2"]

1. e4 c5 2. Nf3 d6 3. d4 cxd4 4. Nxd4 Nf6 5. Nc3 a6 6. Bg5 e6 7. f4 Nbd7 8. Qe2
Qc7 9. O-O-O b5 10. g3 Bb7 11. Bg2 Be7 12. e5 dxe5 13. fxe5 Nd5 14. Nxd5 Bxg5+
15. Kb1 Bxd5 16. Bxd5 exd5 17. e6 O-O 18. Qg4 Bf6 19. exd7 Rad8 20. Rhe1 Qxd7
21. Qxd7 Rxd7 22. Nc6 Rd6 23. Ne7+ Bxe7 24. Rxe7 Rfd8 25. Rf1 Rf6 26. Rxf6 gxf6
27. Kc1 Kg7 28. Kd2 h5 29. Kd3 h4 30. Ra7 Rd6 31. c3 h3 32. Ke3 f5 33. a3 Re6+
34. Kf2 f4 35. gxf4 Rg6 36. Kf3 Rg2 37. Rxa6 Rxh2 38. Kg3 Rxb2 39. Kxh3 Rc2 40.
Kg4 Rxc3 41. Kf5 d4 42. Ke4 d3 43. Ke3 f6 44. Ra5 Rb3 45. a4 b4 46. Rb5 Kg6 47.
a5 Ra3 48. Rxb4 Rxa5 49. Kxd3 Kf5 50. Ke3 Ra3+ 51. Kf2 Kg4 52. Kg2 Ra2+ 53. Kf1
f5 54. Rb3 Kxf4 55. Rb4+ Kf3 56. Rb3+ Kg4 57. Rb4+ f4 58. Rb3 Rh2 59. Kg1 Re2
60. Kf1 Re3 61. Rxe3 fxe3 62. Ke2 Kf4 63. Ke1 Ke5 64. Ke2 Kd6 1/2-1/2

[Event "2. BUNDESLIGA MITTE"]
[Site "Steyregg, Fuerstenfeld/Sauwald/Villach, St. Veit/Glan, Graz"]
[Date "2016.02.27"]
[Round "7"]
[Board "2"]
[White "Knechtel, Roland"]
[Black "Karner, Christoph"]
[Result "1/2-1/2"]
[WhiteElo "2287"]
[BlackElo "2308"]
[PlyCount "62"]
[EventDate "2015.10.02"]
[EventType "team"]
[EventRounds "11"]
[EventCountry "AUT"]
[WhiteTeam "SPG Sauwald 2"]
[BlackTeam "ESV Austria Graz"]

1. d4 Nf6 2. c4 e6 3. Nf3 Bb4+ 4. Bd2 Qe7 5. Qc2 d5 6. cxd5 Bxd2+ 7. Nbxd2 exd5
8. e3 c6 9. Bd3 Nbd7 10. O-O O-O 11. Rab1 a5 12. a3 a4 13. Rfe1 Qd6 14. Rbd1 g6
15. e4 dxe4 16. Bxe4 Nb6 17. Ne5 Be6 18. Qc1 Rfe8 19. Ndf3 Kg7 20. Bc2 Bd5 21.
Nh4 Ng8 22. Qg5 Qf6 23. Qg3 Nh6 24. h3 Nc4 25. Nxc4 Rxe1+ 26. Rxe1 Bxc4 27. Nf3
Bd5 28. Ne5 Nf5 29. Qf4 Be6 30. Rd1 Ne7 31. Qd2 Nd5 1/2-1/2

[Event "2. BUNDESLIGA MITTE"]
[Site "Steyregg, Fuerstenfeld/Sauwald/Villach, St. Veit/Glan, Graz"]
[Date "2016.02.27"]
[Round "7"]
[Board "3"]
[White "Kotz, Heinz Peter"]
[Black "Lautner, Josef"]
[Result "1-0"]
[WhiteElo "2291"]
[BlackElo "2211"]
[PlyCount "97"]
[EventDate "2015.10.02"]
[EventType "team"]
[EventRounds "11"]
[EventCountry "AUT"]
[WhiteTeam "ESV Austria Graz"]
[BlackTeam "SPG Sauwald 2"]

1. e4 Nf6 2. e5 Nd5 3. d4 d6 4. Nf3 g6 5. Bc4 Nb6 6. Bb3 Bg7 7. O-O Nc6 8. exd6
cxd6 9. Re1 d5 10. c3 O-O 11. Bf4 Bg4 12. Nbd2 Rc8 13. h3 Bd7 14. Ne5 Be8 15.
Qe2 e6 16. Nxc6 Rxc6 17. Nf3 f6 18. Rad1 Bf7 19. g4 g5 20. Bc1 Qe7 21. h4 h6
22. Bc2 Rd8 23. Qd3 Kf8 24. hxg5 hxg5 25. Kg2 Rdc8 26. Rh1 a6 27. Rde1 Nc4 28.
Rh7 Bg8 29. Rh5 Bf7 30. Rh7 Bg8 31. Rh3 b5 32. Nd2 Nd6 33. Nb3 b4 34. Nc5 a5
35. cxb4 axb4 36. Bd2 Rb6 37. Ba4 Rc7 38. Rf3 Bf7 39. Bb3 Nc4 40. Bc1 Kg8 41.
Bc2 Kf8 42. Qh7 Bg8 43. Qh5 Bf7 44. Bg6 Rbc6 45. Bxg5 Bxg6 46. Qxg6 Qf7 47. Qh7
Nxb2 48. Bh6 Nc4 49. Qh8+ 1-0